Forbes Việt Nam
Gespeichert in:
| Format: | Buch |
|---|---|
| Sprache: | Undetermined |
| Veröffentlicht: |
Hà Nội
Công ty TNHH Truyền thông tương tác
|
| Schlagworte: | |
| Tags: |
Tag hinzufügen
Keine Tags, Fügen Sie den ersten Tag hinzu!
|
| Thư viện lưu trữ: | Trung tâm Học liệu Trường Đại học Cần Thơ |
|---|
| LEADER | 00565nam a2200205Ia 4500 | ||
|---|---|---|---|
| 001 | CTU_229225 | ||
| 008 | 210402s9999 xx 000 0 und d | ||
| 082 | |a 330 | ||
| 082 | |b F692 | ||
| 245 | 0 | |a Forbes Việt Nam | |
| 245 | 0 | |c Forbes Media LLC | |
| 260 | |a Hà Nội | ||
| 260 | |b Công ty TNHH Truyền thông tương tác | ||
| 650 | |a Econmic,Kinh tế học | ||
| 904 | |d 1999 | ||
| 904 | |e 1996(1-10);1997(1-5);1998(1-7) | ||
| 904 | |f ctulCH | ||
| 904 | |i T.Trang | ||
| 904 | |l p | ||
| 980 | |a Trung tâm Học liệu Trường Đại học Cần Thơ | ||